[Event "Berliner Sommer 15th"]
[Site "Berlin"]
[Date "1997.??.??"]
[Round "3"]
[White "Buhr, Carl Christian"]
[Black "Krogius, Nikolai V"]
[Result "1/2-1/2"]
[WhiteElo "2285"]
[BlackElo "2475"]
[PlyCount "75"]
[EventDate "1997.08.??"]
[EventType "swiss"]
[EventRounds "9"]
[EventCountry "GER"]
[SourceTitle "CBM 059 Extra"]
[Source "ChessBase"]
[SourceDate "1997.09.26"]
[SourceVersion "1"]
[SourceVersionDate "1997.09.26"]
[SourceQuality "1"]

1. Nf3 Nf6 2. c4 e6 3. Nc3 Bb4 4. Qb3 c5 5. g3 0-0 6. Bg2 Nc6 7. 0-0 Na5 8. Qc2 Nxc4 9. Na4 d5 10. a3 Ba5 11. Nxc5 Bc7 12. d3 Ne5 13. Nd4 Bd6 14. Bf4 b6 15. Na4 Bd7 16. Nc3 Rc8 17. Qb3 Bb8 18. Rac1 Nc6 19. Nxc6 Rxc6 20. Bxb8 Qxb8 21. Na2 Rfc8 22. Rxc6 Rxc6 23. Rc1 Rxc1+ 24. Nxc1 Qc7 25. Qd1 Kf8 26. Na2 Ke7 27. Qc1 Qxc1+ 28. Nxc1 Kd6 29. Kf1 e5 30. Ke1 d4 31. Nb3 Be6 32. Nd2 h6 33. Ne4+ Nxe4 34. Bxe4 f5 35. Bg2 Bd5 36. Bxd5 Kxd5 37. Kf1 e4 38. Kg2 1/2-1/2

[Event "Berliner Sommer 15th"]
[Site "Berlin"]
[Date "1997.??.??"]
[Round "1"]
[White "Jungbluth, Rolf"]
[Black "Krogius, Nikolai V"]
[Result "0-1"]
[WhiteElo "2030"]
[BlackElo "2475"]
[PlyCount "54"]
[EventDate "1997.08.??"]
[EventType "swiss"]
[EventRounds "9"]
[EventCountry "GER"]
[SourceTitle "CBM 059 Extra"]
[Source "ChessBase"]
[SourceDate "1997.09.26"]
[SourceVersion "1"]
[SourceVersionDate "1997.09.26"]
[SourceQuality "1"]

1. c4 Nf6 2. Nc3 c5 3. g3 g6 4. Bg2 Bg7 5. d3 0-0 6. e4 Nc6 7. Nge2 d6 8. 0-0 Rb8 9. Rb1 a6 10. f4 Bd7 11. a3 b5 12. Nd5 Nxd5 13. cxd5 Nd4 14. Nxd4 Bxd4+ 15. Kh1 f5 16. Qe1 b4 17. axb4 Rxb4 18. Rf3 Qb8 19. exf5 Bxf5 20. g4 Bxg4 21. Rg3 Bf5 22. Be4 Qc8 23. b3 e5 24. Qe2 exf4 25. Rg5 Bxe4+ 26. dxe4 f3 27. Qd3 f2 0-1

[Event "Berliner Sommer 15th"]
[Site "Berlin"]
[Date "1997.??.??"]
[Round "4"]
[White "Krogius, Nikolai V"]
[Black "Thiede, Lars"]
[Result "1-0"]
[WhiteElo "2475"]
[BlackElo "2335"]
[PlyCount "53"]
[EventDate "1997.08.??"]
[EventType "swiss"]
[EventRounds "9"]
[EventCountry "GER"]
[SourceTitle "CBM 059 Extra"]
[Source "ChessBase"]
[SourceDate "1997.09.26"]
[SourceVersion "1"]
[SourceVersionDate "1997.09.26"]
[SourceQuality "1"]

1. Nf3 Nf6 2. c4 g6 3. g3 Bg7 4. Bg2 0-0 5. 0-0 d6 6. d4 Nbd7 7. Nc3 e5 8. e4 exd4 9. Nxd4 Re8 10. Re1 a6 11. h3 Rb8 12. Be3 c5 13. Nc2 Ne5 14. b3 b5 15. f4 Ned7 16. Bf2 b4 17. Na4 Bb7 18. e5 dxe5 19. Bxb7 Rxb7 20. fxe5 Nxe5 21. Nxc5 Rbe7 22. Qxd8 Rxd8 23. Red1 Nf3+ 24. Kg2 Nd2 25. Nxb4 Nfe4 26. Nc6 Bxa1 27. Nxe7+ 1-0

[Event "Wch Seniors 06th"]
[Site "Bad Liebenzell"]
[Date "1996.??.??"]
[Round "7"]
[White "Forintos, Gyozo Victor"]
[Black "Krogius, Nikolai V"]
[Result "1/2-1/2"]
[WhiteElo "2405"]
[BlackElo "2470"]
[PlyCount "30"]
[EventDate "1996.11.11"]
[EventType "swiss"]
[EventRounds "11"]
[EventCountry "GER"]
[SourceTitle "EXT 1998"]
[Source "ChessBase"]
[SourceDate "1997.11.17"]
[SourceVersion "1"]
[SourceVersionDate "1997.11.17"]
[SourceQuality "1"]

1. d4 Nf6 2. Nf3 g6 3. c4 Bg7 4. Nc3 0-0 5. g3 c6 6. Bg2 d5 7. cxd5 cxd5 8. 0-0 Ne4 9. Nxe4 dxe4 10. Ne5 Nd7 11. Nxd7 Qxd7 12. Bxe4 Qxd4 13. Qxd4 Bxd4 14. Rd1 Bg7 15. Be3 Be6 1/2-1/2

[Event "Wch Seniors 06th"]
[Site "Bad Liebenzell"]
[Date "1996.??.??"]
[Round "4"]
[White "Krogius, Nikolai V"]
[Black "Niebling, Ferdinand"]
[Result "1/2-1/2"]
[WhiteElo "2470"]
[BlackElo "2290"]
[PlyCount "38"]
[EventDate "1996.11.11"]
[EventType "swiss"]
[EventRounds "11"]
[EventCountry "GER"]
[SourceTitle "EXT 1998"]
[Source "ChessBase"]
[SourceDate "1997.11.17"]
[SourceVersion "1"]
[SourceVersionDate "1997.11.17"]
[SourceQuality "1"]

1. Nf3 d5 2. c4 e6 3. g3 Nf6 4. Bg2 Be7 5. 0-0 0-0 6. d4 c5 7. cxd5 Nxd5 8. Nc3 Nc6 9. e4 Nxc3 10. bxc3 cxd4 11. cxd4 b6 12. Bb2 Ba6 13. Re1 Na5 14. d5 exd5 15. exd5 Bf6 16. Ne5 Nc4 17. Nxc4 Bxc4 18. Qd2 Bxb2 19. Qxb2 Qd6 1/2-1/2

[Event "Petrov Memorial op"]
[Site "St Petersburg"]
[Date "1996.??.??"]
[Round "9"]
[White "Neverov, Valeriy"]
[Black "Krogius, Nikolai V"]
[Result "1/2-1/2"]
[WhiteElo "2515"]
[BlackElo "2490"]
[PlyCount "59"]
[EventDate "1996.02.??"]
[EventType "swiss"]
[EventRounds "9"]
[EventCountry "RUS"]
[SourceTitle "CBM 052"]
[Source "ChessBase"]
[SourceDate "1996.06.01"]
[SourceVersion "1"]
[SourceVersionDate "1996.06.01"]
[SourceQuality "1"]

1. d4 Nf6 2. c4 e6 3. Nc3 Bb4 4. e3 c5 5. Nf3 0-0 6. Be2 Bxc3+ 7. bxc3 d6 8. 0-0 Nc6 9. Nd2 e5 10. Nb3 b6 11. f3 Ne7 12. e4 Ng6 13. Rf2 Be6 14. Be3 Qc8 15. Nd2 h6 16. g3 Bh3 17. Kh1 Re8 18. d5 Nh7 19. g4 Nf4 20. Qg1 Nf8 21. Qg3 N8g6 22. Bd1 Qd7 23. a4 a5 24. Nb3 Rab8 25. Nc1 h5 26. Rb2 Bf1 27. Bb3 Bh3 28. Bd1 Bf1 29. Bb3 Bh3 30. Bd1 1/2-1/2

[Event "Wch Seniors 06th"]
[Site "Bad Liebenzell"]
[Date "1996.??.??"]
[Round "9"]
[White "Vasiukov, Evgeni"]
[Black "Krogius, Nikolai V"]
[Result "1/2-1/2"]
[WhiteElo "2505"]
[BlackElo "2470"]
[PlyCount "42"]
[EventDate "1996.11.11"]
[EventType "swiss"]
[EventRounds "11"]
[EventCountry "GER"]
[SourceTitle "EXT 1998"]
[Source "ChessBase"]
[SourceDate "1997.11.17"]
[SourceVersion "1"]
[SourceVersionDate "1997.11.17"]
[SourceQuality "1"]

1. e4 e5 2. Nf3 Nc6 3. Bc4 Bc5 4. 0-0 Nf6 5. d3 d6 6. c3 Bb6 7. Nbd2 0-0 8. Bb3 Ne7 9. Nc4 Ng6 10. Bc2 Re8 11. Re1 c6 12. Nxb6 axb6 13. h3 h6 14. d4 Qc7 15. Bd2 Bd7 16. c4 c5 17. d5 Qd8 18. Kh2 Nh7 19. g3 Rf8 20. Be3 Qc8 21. Ng1 f5 1/2-1/2

[Event "Wch Seniors 05th"]
[Site "Bad Liebenzell"]
[Date "1995.??.??"]
[Round "4"]
[White "Krogius, Nikolai V"]
[Black "Baumgartner, Heinz"]
[Result "1/2-1/2"]
[WhiteElo "2485"]
[BlackElo "2295"]
[PlyCount "63"]
[EventDate "1995.11.12"]
[EventType "swiss"]
[EventRounds "11"]
[EventCountry "GER"]
[SourceTitle "EXT 2000"]
[Source "ChessBase"]
[SourceDate "1999.11.16"]
[SourceVersion "1"]
[SourceVersionDate "1999.11.16"]
[SourceQuality "1"]

1. Nf3 d5 2. c4 e6 3. g3 Nf6 4. Bg2 dxc4 5. Qa4+ Bd7 6. Qxc4 Bc6 7. 0-0 Nbd7 8. b3 Be7 9. Bb2 0-0 10. d3 a5 11. a3 Nb6 12. Qc2 Rc8 13. Nbd2 Nfd7 14. e4 Bb5 15. a4 Ba6 16. Nc4 Nxc4 17. bxc4 Bb4 18. Nd4 Qe7 19. f4 Bc5 20. Kh1 Bxd4 21. Bxd4 b6 22. Bb2 c5 23. g4 f6 24. g5 fxg5 25. fxg5 Rxf1+ 26. Rxf1 Rf8 27. Rxf8+ Nxf8 28. Qb3 Nd7 29. Bh3 Bc8 30. Qc3 e5 31. Qd2 Bb7 32. Qc3 1/2-1/2

[Event "Berliner Sommer 13th"]
[Site "Berlin"]
[Date "1995.??.??"]
[Round "7"]
[White "Krogius, Nikolai V"]
[Black "Grabliauskas, Virginijus"]
[Result "1/2-1/2"]
[WhiteElo "2485"]
[BlackElo "2395"]
[PlyCount "123"]
[EventDate "1995.08.??"]
[EventType "swiss"]
[EventRounds "9"]
[EventCountry "GER"]
[SourceTitle "CBM 047 Extra"]
[Source "ChessBase"]
[SourceDate "1995.09.01"]
[SourceVersion "1"]
[SourceVersionDate "1995.09.01"]
[SourceQuality "1"]

1. Nf3 d5 2. d4 Nf6 3. c4 dxc4 4. e3 e6 5. Bxc4 c5 6. Nc3 a6 7. a4 Nc6 8. 0-0 Be7 9. Qe2 cxd4 10. Rd1 0-0 11. exd4 Nb4 12. Bg5 Bd7 13. Ne5 Bc6 14. Rac1 Bd5 15. Nxd5 Nfxd5 16. Bd2 Rc8 17. Qf3 Bg5 18. Bxb4 Nxb4 19. Rc3 Nd5 20. Bxd5 Rxc3 21. bxc3 Qxd5 22. Qxd5 exd5 23. Rb1 Rc8 24. Rxb7 f6 25. h4 Bd2 26. Nd7 Bxc3 27. Nc5 Rc6 28. Nb3 Rc4 29. a5 Rb4 30. Rb6 Kf7 31. Kf1 Ke7 32. Ke2 Rxb6 33. axb6 Kd6 34. Nc5 a5 35. Kd3 Be1 36. f3 Bxh4 37. b7 Kc7 38. Kc3 Bf2 39. Ne6+ Kxb7 40. Nxg7 Kc6 41. Nf5 Kb5 42. Ne7 Be1+ 43. Kd3 Kb4 44. Nxd5+ Kb3 45. Nb6 a4 46. Nxa4 Kxa4 47. g4 Kb5 48. Ke4 Kc4 49. Kf5 Bh4 50. f4 h6 51. Ke4 Bg3 52. Kf5 Bh4 53. Ke4 Kb5 54. Kf5 Kc6 55. Kg6 Kd5 56. Kxh6 Ke4 57. g5 f5 58. g6 Bf6 59. g7 Bxg7+ 60. Kxg7 Kxf4 61. Kg6 Ke4 62. d5 1/2-1/2

[Event "Cappelle op 11th"]
[Site "Cappelle la Grande"]
[Date "1995.??.??"]
[Round "6"]
[White "Krogius, Nikolai V"]
[Black "Kuzmin, Gennadi P"]
[Result "1/2-1/2"]
[WhiteElo "2480"]
[BlackElo "2545"]
[PlyCount "143"]
[EventDate "1995.03.??"]
[EventType "swiss"]
[EventRounds "9"]
[EventCountry "FRA"]
[SourceTitle "EXT 1997"]
[Source "ChessBase"]
[SourceDate "1996.11.15"]
[SourceVersion "1"]
[SourceVersionDate "1996.11.15"]
[SourceQuality "1"]

1. Nf3 Nf6 2. c4 g6 3. g3 Bg7 4. Bg2 0-0 5. 0-0 d6 6. d4 Nbd7 7. Nc3 e5 8. h3 a6 9. e4 exd4 10. Nxd4 Re8 11. Be3 Nc5 12. Qc2 Bd7 13. Rad1 Qc8 14. Kh2 Re5 15. f3 Rh5 16. h4 Re5 17. Rfe1 Re8 18. Nb3 b6 19. Nd4 Qb8 20. Nd5 b5 21. b4 Na4 22. Bg5 Nxd5 23. cxd5 a5 24. a3 Nb6 25. Qb3 axb4 26. axb4 Nc4 27. Bc1 Qa7 28. Nc2 Qa2 29. Qd3 f5 30. Nd4 Ne5 31. Qb3 fxe4 32. Rxe4 Qxb3 33. Nxb3 Bf5 34. Re2 Ng4+ 35. fxg4 Rxe2 36. gxf5 Raa2 37. Rg1 gxf5 38. Bg5 Ra3 39. Rb1 Be5 40. Bf4 Kf8 41. Kg1 Raa2 42. Bf1 Reb2 43. Rxb2 Rxb2 44. Bxe5 dxe5 45. Nc5 Rxb4 46. Ne6+ Ke7 47. Nxc7 Kd6 48. Nxb5+ Kxd5 49. Kf2 Rb3 50. Nc7+ Ke4 51. Be2 h6 52. Ne6 Rc3 53. Ng7 f4 54. gxf4 exf4 55. Nh5 Ke5 56. Bg4 Ra3 57. Be2 Rh3 58. Kg2 Ra3 59. Bf3 Rb3 60. Bd1 Rb1 61. Bf3 Rb6 62. Kf2 Rb2+ 63. Be2 Kf5 64. Kf3 Rb3+ 65. Kf2 Rh3 66. Kg2 Rxh4 67. Ng7+ Kf6 68. Ne8+ Ke7 69. Ng7 Kf6 70. Ne8+ Ke5 71. Bf3 h5 72. Ng7 1/2-1/2

[Event "Cappelle op 11th"]
[Site "Cappelle la Grande"]
[Date "1995.??.??"]
[Round "9"]
[White "Krogius, Nikolai V"]
[Black "Miladinovic, Igor"]
[Result "1/2-1/2"]
[WhiteElo "2480"]
[BlackElo "2535"]
[PlyCount "20"]
[EventDate "1995.03.??"]
[EventType "swiss"]
[EventRounds "9"]
[EventCountry "FRA"]
[SourceTitle "EXT 1997"]
[Source "ChessBase"]
[SourceDate "1996.11.15"]
[SourceVersion "1"]
[SourceVersionDate "1996.11.15"]
[SourceQuality "1"]

1. Nf3 d5 2. d4 Nf6 3. c4 e6 4. Nc3 Be7 5. Bg5 0-0 6. e3 h6 7. Bh4 Ne4 8. Bxe7 Qxe7 9. Qc2 Nxc3 10. Qxc3 c6 1/2-1/2

[Event "St Petersburg Seniors"]
[Site "St Petersburg"]
[Date "1995.??.??"]
[Round "?"]
[White "Krogius, Nikolai V"]
[Black "Taimanov, Mark E"]
[Result "0-1"]
[WhiteElo "2485"]
[BlackElo "2510"]
[PlyCount "93"]
[EventDate "1995.??.??"]
[EventType "tourn"]
[EventRounds "7"]
[EventCountry "RUS"]
[EventCategory "9"]
[SourceTitle "EXT 1998"]
[Source "ChessBase"]
[SourceDate "1997.11.17"]
[SourceVersion "1"]
[SourceVersionDate "1997.11.17"]
[SourceQuality "1"]

1. d4 Nf6 2. c4 e6 3. Nf3 Bb4+ 4. Bd2 a5 5. Nc3 0-0 6. e3 d6 7. Qc2 Nc6 8. Bd3 e5 9. dxe5 dxe5 10. a3 Re8 11. Ng5 Bxc3 12. Bxc3 h6 13. Ne4 Nd4 14. Qd1 Bf5 15. Nxf6+ Qxf6 16. Bxf5 Nxf5 17. 0-0 Nd6 18. b3 a4 19. Bb4 Red8 20. bxa4 c5 21. Bc3 Nxc4 22. Qb3 Qa6 23. Rfc1 b6 24. Be1 Nd2 25. Bxd2 Rxd2 26. h3 Rad8 27. Qc3 R8d5 28. Rab1 Qe2 29. Rf1 Rc2 30. Qb3 Rdd2 31. a5 bxa5 32. Qb8+ Kh7 33. Qxe5 Qd3 34. e4 Qd7 35. Rbc1 Rxf2 36. Rxc2 Rxc2 37. Kh2 Qe6 38. Qxe6 fxe6 39. Rf7 Rc4 40. Rc7 Kg6 41. Kg3 Rxe4 42. Rxc5 Re3+ 43. Kf4 Rxa3 44. Ke5 Rg3 45. Rc2 Re3+ 46. Kd4 Rb3 47. Ke5 0-1

[Event "Berliner Sommer 13th"]
[Site "Berlin"]
[Date "1995.??.??"]
[Round "5"]
[White "Krogius, Nikolai V"]
[Black "Wahls, Matthias"]
[Result "0-1"]
[WhiteElo "2485"]
[BlackElo "2550"]
[PlyCount "68"]
[EventDate "1995.08.??"]
[EventType "swiss"]
[EventRounds "9"]
[EventCountry "GER"]
[SourceTitle "CBM 047 Extra"]
[Source "ChessBase"]
[SourceDate "1995.09.01"]
[SourceVersion "1"]
[SourceVersionDate "1995.09.01"]
[SourceQuality "1"]

1. Nf3 Nf6 2. c4 c5 3. g3 b6 4. Bg2 Bb7 5. 0-0 e6 6. Nc3 d6 7. b3 Nbd7 8. Bb2 a6 9. d4 cxd4 10. Qxd4 Be7 11. Rfd1 Qc7 12. Rac1 0-0 13. Ne1 Bxg2 14. Nxg2 Qb7 15. Ba3 Rfd8 16. Ne3 Ne5 17. f4 b5 18. Bxd6 Nxc4 19. bxc4 Rxd6 20. Qe5 Rxd1+ 21. Ncxd1 Rc8 22. Rc2 bxc4 23. Rxc4 Rxc4 24. Nxc4 Qb1 25. Qd4 Bc5 26. Qxc5 Qxd1+ 27. Kg2 Qxe2+ 28. Kg1 Qd1+ 29. Kg2 Qc2+ 30. Kf3 Qe4+ 31. Kf2 Ng4+ 32. Kg1 Qe1+ 33. Kg2 Qe2+ 34. Kh3 Nf2+ 0-1

[Event "Wch Seniors 05th"]
[Site "Bad Liebenzell"]
[Date "1995.??.??"]
[Round "11"]
[White "Sutterer, Robert"]
[Black "Krogius, Nikolai V"]
[Result "0-1"]
[WhiteElo "2235"]
[BlackElo "2480"]
[PlyCount "88"]
[EventDate "1995.11.12"]
[EventType "swiss"]
[EventRounds "11"]
[EventCountry "GER"]
[SourceTitle "EXT 2000"]
[Source "ChessBase"]
[SourceDate "1999.11.16"]
[SourceVersion "1"]
[SourceVersionDate "1999.11.16"]
[SourceQuality "1"]

1. e4 c5 2. c3 Nf6 3. e5 Nd5 4. d4 cxd4 5. cxd4 Nc6 6. Nf3 d6 7. Bc4 Nb6 8. Bb3 d5 9. h3 Bf5 10. 0-0 e6 11. Nc3 Be7 12. Qe2 0-0 13. Rd1 Rc8 14. Bf4 a6 15. Rac1 Nd7 16. Bc2 Bxc2 17. Rxc2 b5 18. Nb1 Nb6 19. b3 Qd7 20. Rdc1 Nb4 21. Rxc8 Rxc8 22. Rxc8+ Qxc8 23. Ne1 h6 24. a3 Nc6 25. Nf3 Na5 26. Qb2 Nb7 27. Qe2 Qc6 28. Ne1 a5 29. Nd3 a4 30. bxa4 bxa4 31. Nb4 Qc4 32. Qb2 Na5 33. Nd2 Qb5 34. Qc3 Nac4 35. Nxc4 dxc4 36. Bc1 Bxb4 37. Qxb4 Qxb4 38. axb4 Nd5 39. b5 Kf8 40. Kf1 Ke8 41. Ke1 Kd7 42. Ba3 h5 43. Kd2 g6 44. g3 Kc7 0-1

[Event "St Petersburg op"]
[Site "St Petersburg"]
[Date "1994.??.??"]
[Round "6"]
[White "Frolov, Denis"]
[Black "Krogius, Nikolai V"]
[Result "1/2-1/2"]
[WhiteElo "2315"]
[BlackElo "2480"]
[PlyCount "92"]
[EventDate "1994.02.??"]
[EventType "swiss"]
[EventRounds "9"]
[EventCountry "RUS"]
[SourceTitle "CBM 041"]
[Source "ChessBase"]
[SourceDate "1994.08.01"]
[SourceVersion "1"]
[SourceVersionDate "1994.08.01"]
[SourceQuality "1"]

1. e4 c6 2. d4 d5 3. Nc3 dxe4 4. Nxe4 Nd7 5. Ng5 Ngf6 6. Bc4 e6 7. Qe2 Nb6 8. Bb3 h6 9. N5f3 c5 10. Be3 Qc7 11. Ne5 Bd6 12. Ngf3 0-0 13. g4 c4 14. Nxc4 Nxc4 15. Bxc4 Nxg4 16. Rg1 Nxe3 17. fxe3 b5 18. Bd3 Bb7 19. 0-0-0 f5 20. Kb1 Bd5 21. Nd2 Bxh2 22. Rg6 Rf7 23. e4 fxe4 24. Nxe4 Raf8 25. Rg2 Bf4 26. Rdg1 e5 27. Qg4 Qc6 28. Qxg7+ Rxg7 29. Rxg7+ Kh8 30. Nf6 Qb7 31. Rxb7 Bxb7 32. Nd7 Rg8 33. Rxg8+ Kxg8 34. dxe5 b4 35. e6 Bd6 36. c4 bxc3 37. bxc3 Kg7 38. c4 Bc8 39. c5 Bxd7 40. exd7 Bc7 41. Be2 Kf6 42. Kc2 Ke6 43. c6 Kd6 44. Bf3 h5 45. Kd3 h4 46. Kc4 a6 1/2-1/2

[Event "Berliner Sommer 12th"]
[Site "Berlin"]
[Date "1994.??.??"]
[Round "?"]
[White "Lingnau, Carsten"]
[Black "Krogius, Nikolai V"]
[Result "1/2-1/2"]
[WhiteElo "2400"]
[BlackElo "2490"]
[PlyCount "28"]
[EventDate "1994.08.??"]
[EventType "swiss"]
[EventRounds "9"]
[EventCountry "GER"]
[SourceTitle "EXT 1997"]
[Source "ChessBase"]
[SourceDate "1996.11.15"]
[SourceVersion "1"]
[SourceVersionDate "1996.11.15"]
[SourceQuality "1"]

1. Nf3 Nf6 2. g3 d5 3. Bg2 g6 4. 0-0 Bg7 5. c4 c6 6. Qb3 0-0 7. d4 Qb6 8. Nc3 Bf5 9. h3 dxc4 10. Qxc4 Na6 11. Re1 Qb4 12. Qxb4 Nxb4 13. e4 Be6 14. Rd1 Rfd8 1/2-1/2

[Event "Wch Seniors 03rd"]
[Site "Bad Wildbad"]
[Date "1993.??.??"]
[Round "9"]
[White "Honfi, Karoly"]
[Black "Krogius, Nikolai V"]
[Result "1/2-1/2"]
[WhiteElo "2365"]
[BlackElo "2465"]
[PlyCount "38"]
[EventDate "1993.11.??"]
[EventType "swiss"]
[EventRounds "11"]
[EventCountry "GER"]
[SourceTitle "EXT 1997"]
[Source "ChessBase"]
[SourceDate "1996.11.15"]
[SourceVersion "1"]
[SourceVersionDate "1996.11.15"]
[SourceQuality "1"]

1. e4 c6 2. d4 d5 3. exd5 cxd5 4. Bd3 Nc6 5. c3 Nf6 6. h3 e5 7. dxe5 Nxe5 8. Nf3 Nxd3+ 9. Qxd3 Be7 10. Be3 0-0 11. Nbd2 Be6 12. 0-0 Qd7 13. Nd4 Rfd8 14. f4 Qc7 15. f5 Bd7 16. Rae1 Re8 17. Bf4 Bd6 18. Bxd6 Qxd6 19. Qf3 h6 1/2-1/2

[Event "Wch Seniors 03rd"]
[Site "Bad Wildbad"]
[Date "1993.??.??"]
[Round "8"]
[White "Krogius, Nikolai V"]
[Black "Gurgenidze, Bukhuti"]
[Result "1/2-1/2"]
[WhiteElo "2465"]
[BlackElo "2370"]
[PlyCount "58"]
[EventDate "1993.11.??"]
[EventType "swiss"]
[EventRounds "11"]
[EventCountry "GER"]
[SourceTitle "EXT 1997"]
[Source "ChessBase"]
[SourceDate "1996.11.15"]
[SourceVersion "1"]
[SourceVersionDate "1996.11.15"]
[SourceQuality "1"]

1. Nf3 b6 2. g3 Bb7 3. Bg2 e5 4. c4 g6 5. 0-0 Bg7 6. Nc3 Ne7 7. e4 Nbc6 8. Nd5 0-0 9. d3 d6 10. Be3 Qd7 11. Qd2 Nd8 12. d4 f6 13. Rad1 Nf7 14. Rfe1 Rae8 15. b4 c6 16. Nc3 Qc8 17. dxe5 dxe5 18. c5 b5 19. Qc2 Qe6 20. Nd2 Bc8 21. Nb3 Rd8 22. Na5 Rxd1 23. Rxd1 Rd8 24. a4 Rxd1+ 25. Qxd1 a6 26. h3 Kf8 27. h4 Ke8 28. axb5 axb5 29. h5 Qd7 1/2-1/2